00925nam a2200253Ia 4500008004100000020001700041040001400058082002100072100004500093245004300138260005000181300001100231365002800242366000800270505002200278530003000300620006200330630004300392650002300435730004300458942000900501999001900510952014200529100315s9999 xx 000 0 und d a8126503475  cENGLISH  b10055 a005.8  a"Krutz, Ronald L., Vines, Russell Dean " aAdvanced CISSP Pred Guide : Exam Q & A aNew Delhi bWiley Dreamtech India  c2002  a329   eRupees d1 b349.00  f0  gVaibhav Gaikwad  bDonated By RBI Library   a"Advanced CISSP Pred Guide, Computer Science, RBI Book " aAdvanced CISSP Pred Guide : Exam Q & A aCOMPUTER SCIENCE  aAdvanced CISSP Pred Guide : Exam Q & A cBOOK c484789d484786 00104070aVPMBRIMSbVPMBRIMSd2009-07-15g349.00l0o005.8 /KRU/VIN  10055 pVPMBRIMS-10055 r2010-03-19 00:00:00w2010-03-19yBOOK